[Event "RA-2015-0-00414"]
[Site "LSS email"]
[Date "2015.10.08"]
[Round "?"]
[White "Geiger, Walter"]
[Black "Morcin, Tom"]
[Result "0-1"]
[WhiteElo "2233"]
[BlackElo "2196"]
[PlyCount "96"]
[EventDate "2015.09.04"]
[EventType "tourn (corr)"]
[EventRounds "6"]
[EventCountry "GER"]
[SourceTitle "Corr 2022"]
[Source "ChessBase"]
[SourceDate "2021.10.24"]
[SourceVersion "1"]
[SourceVersionDate "2021.10.24"]
[SourceQuality "1"]

1. e4 e5 2. Nf3 Nc6 3. Bb5 a6 4. Ba4 Nf6 5. 0-0 Be7 6. Re1 b5 7. Bb3 d6 8. c3 0-0 9. h3 Nb8 10. d4 Nbd7 11. Nbd2 Bb7 12. Bc2 Re8 13. Nf1 Bf8 14. Ng3 g6 15. a4 c5 16. d5 c4 17. Bg5 h6 18. Be3 Nc5 19. Qd2 h5 20. Bxc5 dxc5 21. Nf1 Nd7 22. Reb1 Nb6 23. Qe3 Nc8 24. Re1 Nd6 25. Ng3 Rc8 26. Qd2 Kh7 27. Nf1 Bh6 28. Qe2 Ra8 29. Reb1 f6 30. N3d2 Qc7 31. Ra2 Bf4 32. Ne3 Kg7 33. Ndf1 Reb8 34. Rba1 b4 35. Nxc4 Nxc4 36. Qxc4 a5 37. cxb4 axb4 38. Qe2 Ba6 39. Qd1 c4 40. b3 Rc8 41. Rb1 Qd7 42. h4 Qd6 43. Rab2 c3 44. Ra2 Qc5 45. Qf3 Rab8 46. Re1 Rb7 47. Raa1 Rd7 48. Kh1 Bd2 0-1

[Event "RA-2015-0-00412"]
[Site "LSS email"]
[Date "2015.09.12"]
[Round "?"]
[White "Geiger, Walter"]
[Black "Willmann, Bernd"]
[Result "0-1"]
[WhiteElo "2236"]
[BlackElo "2276"]
[PlyCount "112"]
[EventDate "2015.08.15"]
[EventType "tourn (corr)"]
[EventRounds "6"]
[EventCountry "GER"]
[SourceTitle "Corr 2022"]
[Source "ChessBase"]
[SourceDate "2021.10.24"]
[SourceVersion "1"]
[SourceVersionDate "2021.10.24"]
[SourceQuality "1"]

1. e4 c5 2. Nc3 d6 3. f4 g6 4. Nf3 Bg7 5. Bb5+ Bd7 6. Bxd7+ Qxd7 7. 0-0 Nc6 8. d3 e6 9. Be3 Nge7 10. Qd2 0-0 11. Rae1 Rac8 12. Nh4 f5 13. Nf3 a6 14. Kh1 b5 15. Nd1 b4 16. Qf2 a5 17. Qh4 a4 18. c4 b3 19. a3 fxe4 20. Ng5 h6 21. Nxe4 Nd4 22. Bxd4 cxd4 23. Qg4 h5 24. Qh3 d5 25. Nd2 Nf5 26. Rg1 Ne3 27. Nxe3 dxe3 28. Rxe3 Bxb2 29. Rxe6 Qf7 30. cxd5 Rc1 31. Qf3 Bxa3 32. Qe4 Rxg1+ 33. Kxg1 Qf5 34. Qxa4 Bc5+ 35. Kh1 b2 36. Re4 Rb8 37. Qc2 Qxd5 38. Re1 Bd4 39. h3 Bg7 40. Kh2 Qf5 41. Qc4+ Kh8 42. Re7 Rc8 43. Qa4 h4 44. Re8+ Kh7 45. Rxc8 Qxc8 46. Qe4 Qc3 47. Nb1 Qc5 48. d4 Bxd4 49. g4 hxg3+ 50. Kxg3 Bf6 51. Kf3 Qc8 52. Kg2 Kh6 53. Kg3 Qc1 54. Kg2 Bh4 55. Qd4 Qc6+ 56. Kg1 Bf6 0-1

[Event "RA-2015-0-00409"]
[Site "LSS email"]
[Date "2015.08.21"]
[Round "?"]
[White "Geiger, Walter"]
[Black "Rheinstaedtler, Klaus"]
[Result "1/2-1/2"]
[WhiteElo "2237"]
[BlackElo "2150"]
[PlyCount "89"]
[EventDate "2015.07.25"]
[EventType "tourn (corr)"]
[EventRounds "6"]
[EventCountry "GER"]
[SourceTitle "Corr 2022"]
[Source "ChessBase"]
[SourceDate "2021.10.24"]
[SourceVersion "1"]
[SourceVersionDate "2021.10.24"]
[SourceQuality "1"]

1. e4 e6 2. d4 d5 3. Nc3 Nf6 4. Bg5 dxe4 5. Nxe4 Be7 6. Bxf6 Bxf6 7. Nf3 0-0 8. Qd2 Nd7 9. 0-0-0 b6 10. Bc4 Bb7 11. Rhe1 Bd5 12. Bxd5 exd5 13. Nxf6+ Nxf6 14. Ne5 Qd6 15. f3 c5 16. g4 c4 17. Re3 b5 18. Qa5 a6 19. Rde1 Ne8 20. g5 f6 21. gxf6 Nxf6 22. a3 Nd7 23. Nxd7 Qxd7 24. Re7 Qd6 25. Kb1 Rxf3 26. R7e6 Qd7 27. Qb6 h6 28. Re7 Qg4 29. h3 Qg2 30. Qe6+ Kh7 31. Qxd5 Rf2 32. Qxg2 Rxg2 33. d5 Rg6 34. Rd7 Rf8 35. a4 bxa4 36. Rc7 Rf5 37. Rd1 Rd6 38. Rc5 Kg6 39. Ka2 Kf6 40. Ka3 Ke7 41. Rc7+ Kf6 42. Rxc4 Rfxd5 43. Rxd5 Rxd5 44. Rc6+ Ke7 45. Kxa4 1/2-1/2

[Event "RA-2015-0-00409"]
[Site "LSS email"]
[Date "2015.08.20"]
[Round "?"]
[White "Borisovs, Leonids"]
[Black "Geiger, Walter"]
[Result "1-0"]
[WhiteElo "2200"]
[BlackElo "2237"]
[PlyCount "99"]
[EventDate "2015.07.25"]
[EventType "tourn (corr)"]
[EventRounds "6"]
[EventCountry "GER"]
[SourceTitle "Corr 2022"]
[Source "ChessBase"]
[SourceDate "2021.10.24"]
[SourceVersion "1"]
[SourceVersionDate "2021.10.24"]
[SourceQuality "1"]

1. d4 Nf6 2. c4 g6 3. Nc3 d5 4. cxd5 Nxd5 5. e4 Nxc3 6. bxc3 Bg7 7. Nf3 c5 8. Be3 Qa5 9. Qd2 0-0 10. Rc1 Rd8 11. d5 e6 12. Bg5 f6 13. Be3 Nc6 14. Bd3 exd5 15. exd5 c4 16. Bxc4 Be6 17. Rd1 Ne7 18. dxe6 Rxd2 19. Rxd2 Qxc3 20. Bb3 Qc1+ 21. Rd1 Qc3+ 22. Ke2 Qb4 23. Rd4 Qb5+ 24. Bc4 Qc6 25. Rhd1 Bf8 26. h3 b5 27. Bb3 a5 28. Rd6 Qe8 29. Nd2 Kh8 30. Ne4 a4 31. Nxf6 Qc8 32. Bd4 axb3 33. Ne8+ Bg7 34. Nxg7 Qc4+ 35. Ke1 Qb4+ 36. Ke2 Qxd6 37. Nf5+ Qxd4 38. Nxd4 bxa2 39. Ra1 Kg7 40. Nxb5 Nd5 41. Kd2 Ra4 42. Kd3 Kf6 43. g3 Rb4 44. e7 Kxe7 45. Nc3 Rb3 46. Kc4 Rxc3+ 47. Kxd5 Ra3 48. f4 Kf6 49. Ke4 h6 50. g4 1-0

[Event "RA-2015-0-00397"]
[Site "LSS email"]
[Date "2015.07.07"]
[Round "?"]
[White "Geiger, Walter"]
[Black "Morcin, Tom"]
[Result "1-0"]
[WhiteElo "2254"]
[BlackElo "2197"]
[PlyCount "145"]
[EventDate "2015.06.12"]
[EventType "tourn (corr)"]
[EventRounds "6"]
[EventCountry "GER"]
[SourceTitle "Corr 2022"]
[Source "ChessBase"]
[SourceDate "2021.10.24"]
[SourceVersion "1"]
[SourceVersionDate "2021.10.24"]
[SourceQuality "1"]

1. e4 e5 2. Nf3 Nc6 3. Bb5 Nf6 4. 0-0 Nxe4 5. d4 Nd6 6. Bxc6 dxc6 7. dxe5 Nf5 8. Qxd8+ Kxd8 9. h3 Ke8 10. Nc3 h5 11. Bf4 Be7 12. Rad1 Be6 13. Ng5 Rh6 14. g3 Bxg5 15. Bxg5 Rg6 16. h4 f6 17. exf6 gxf6 18. Bf4 Nxh4 19. f3 Rg7 20. Ne4 Kf7 21. Kf2 Nxf3 22. Kxf3 Bg4+ 23. Kf2 Bxd1 24. Rxd1 Kg6 25. Nc5 Re7 26. Rd2 Rh8 27. Kf3 b6 28. Nd3 c5 29. b3 h4 30. Rh2 Reh7 31. g4 Rd8 32. Be3 Kf7 33. Rh1 Rhh8 34. Bc1 Rd6 35. a3 a5 36. Rh3 Kg6 37. Bb2 Rh7 38. Bc3 Rd8 39. Nf4+ Kf7 40. Rh1 Rh6 41. a4 Rd6 42. Kg2 c4 43. Kh3 cxb3 44. cxb3 Ke7 45. Ba1 c5 46. Rf1 Kd7 47. Nh5 f5 48. Rxf5 Rd3+ 49. Kxh4 Rxb3 50. Rf7+ Kc6 51. Bf6 Rg6 52. Nf4 Rg8 53. Be5 b5 54. Rc7+ Kb6 55. Nd5+ Ka6 56. Rc6+ Kb7 57. Rb6+ Ka7 58. Rxb5 Rxb5 59. axb5 a4 60. g5 a3 61. Nc3 Kb7 62. Kg4 c4 63. Na2 c3 64. Nxc3 Ra8 65. Na2 Kb6 66. g6 Kxb5 67. g7 Kc4 68. Nc1 Kd5 69. Kf5 Rg8 70. Bf6 Kd6 71. Kg6 Ke6 72. Nd3 Ra8 73. Nf4+ 1-0

[Event "RA-2015-0-00397"]
[Site "LSS email"]
[Date "2015.07.06"]
[Round "?"]
[White "Geiger, Walter"]
[Black "Kahl, Fred"]
[Result "1/2-1/2"]
[WhiteElo "2254"]
[BlackElo "2352"]
[PlyCount "83"]
[EventDate "2015.06.12"]
[EventType "tourn (corr)"]
[EventRounds "6"]
[EventCountry "GER"]
[SourceTitle "Corr 2022"]
[Source "ChessBase"]
[SourceDate "2021.10.24"]
[SourceVersion "1"]
[SourceVersionDate "2021.10.24"]
[SourceQuality "1"]

1. e4 e5 2. Nf3 Nc6 3. Bb5 a6 4. Ba4 Nf6 5. 0-0 Be7 6. d3 b5 7. Bb3 d6 8. a4 Bd7 9. c3 0-0 10. Bc2 b4 11. Re1 bxc3 12. bxc3 d5 13. Nbd2 Re8 14. a5 h6 15. Bb3 dxe4 16. Nxe4 Qc8 17. Nxf6+ Bxf6 18. Nd2 Bg4 19. Qc2 Rd8 20. Ne4 Be7 21. Ng3 Be6 22. Ba4 Nxa5 23. Rxe5 c5 24. Re1 Qc7 25. Rxe6 fxe6 26. Qe2 Bd6 27. Qxe6+ Qf7 28. Qxf7+ Kxf7 29. Ne4 c4 30. Be3 Nb3 31. Rb1 Rac8 32. g3 Nc5 33. Bxc5 Bxc5 34. d4 Ba3 35. Bd1 Re8 36. Bh5+ g6 37. Bf3 Kg7 38. Ra1 Bb2 39. Rxa6 Ra8 40. Rc6 Rec8 41. d5 Ba3 42. Bg4 1/2-1/2

[Event "RA-2015-0-00394"]
[Site "LSS email"]
[Date "2015.06.21"]
[Round "?"]
[White "Geiger, Walter"]
[Black "Khanas, Valeriy"]
[Result "1/2-1/2"]
[WhiteElo "2244"]
[BlackElo "2280"]
[PlyCount "59"]
[EventDate "2015.05.04"]
[EventType "tourn (corr)"]
[EventRounds "6"]
[EventCountry "GER"]
[SourceTitle "Corr 2022"]
[Source "ChessBase"]
[SourceDate "2021.10.24"]
[SourceVersion "1"]
[SourceVersionDate "2021.10.24"]
[SourceQuality "1"]

1. e4 e5 2. Nf3 Nc6 3. Bb5 a6 4. Bxc6 dxc6 5. 0-0 Bg4 6. h3 h5 7. d3 Qf6 8. Nbd2 Ne7 9. Re1 Ng6 10. d4 Nf4 11. hxg4 hxg4 12. g3 gxf3 13. Qxf3 Ne6 14. dxe5 Qxe5 15. Qf5 Qb5 16. a4 Qb6 17. Nb3 g6 18. Qf3 Bg7 19. Rd1 Qb4 20. Kg2 Rd8 21. Rxd8+ Nxd8 22. Qd3 Qe7 23. f4 g5 24. fxg5 Qe6 25. Bf4 Bxb2 26. Rd1 Qh3+ 27. Kf2 0-0 28. Nc5 Ne6 29. Nxe6 fxe6 30. e5 1/2-1/2

[Event "RA-2015-0-00394"]
[Site "LSS email"]
[Date "2015.06.21"]
[Round "?"]
[White "Susla, Vitaliy"]
[Black "Geiger, Walter"]
[Result "1/2-1/2"]
[WhiteElo "2330"]
[BlackElo "2244"]
[PlyCount "55"]
[EventDate "2015.05.04"]
[EventType "tourn (corr)"]
[EventRounds "6"]
[EventCountry "GER"]
[SourceTitle "Corr 2022"]
[Source "ChessBase"]
[SourceDate "2021.10.24"]
[SourceVersion "1"]
[SourceVersionDate "2021.10.24"]
[SourceQuality "1"]

1. e4 e5 2. Nf3 Nc6 3. Bb5 Nf6 4. 0-0 Nxe4 5. d4 Nd6 6. Bxc6 dxc6 7. dxe5 Nf5 8. Qxd8+ Kxd8 9. Nc3 Ke8 10. h3 Bd7 11. Rd1 Be7 12. g3 Be6 13. b3 Bb4 14. Bb2 Ne7 15. Kh2 Bxc3 16. Bxc3 c5 17. g4 h5 18. Kg3 hxg4 19. hxg4 Nc6 20. Ng5 Ke7 21. f4 g6 22. a4 a5 23. Ne4 Rh6 24. Rh1 Rxh1 25. Rxh1 Bd5 26. Re1 Bxe4 27. Rxe4 Ke6 28. Re2 1/2-1/2

[Event "RA-2015-0-00394"]
[Site "LSS email"]
[Date "2015.06.20"]
[Round "?"]
[White "Geiger, Walter"]
[Black "Morcin, Tom"]
[Result "0-1"]
[WhiteElo "2244"]
[BlackElo "2209"]
[PlyCount "104"]
[EventDate "2015.05.04"]
[EventType "tourn (corr)"]
[EventRounds "6"]
[EventCountry "GER"]
[SourceTitle "Corr 2022"]
[Source "ChessBase"]
[SourceDate "2021.10.24"]
[SourceVersion "1"]
[SourceVersionDate "2021.10.24"]
[SourceQuality "1"]

1. e4 e5 2. Nf3 Nc6 3. Bb5 Nf6 4. Bxc6 dxc6 5. d3 Bd6 6. 0-0 0-0 7. Bg5 b6 8. Re1 h6 9. Bh4 Qe7 10. Nbd2 Qe6 11. Nc4 Ba6 12. Ne3 Rfe8 13. Nf5 Bb7 14. h3 Bb4 15. c3 Bf8 16. Bg3 Nd7 17. a4 c5 18. a5 a6 19. axb6 cxb6 20. Ne3 a5 21. c4 Rac8 22. Nd5 Bd6 23. Qb3 Bc6 24. Nh4 g6 25. Qd1 Kh7 26. Qc2 Rg8 27. Rec1 Rcf8 28. Bh2 f5 29. Qe2 f4 30. b3 Be7 31. Nf3 g5 32. Nd2 Bd8 33. Kh1 Nf6 34. f3 h5 35. Rg1 Rf7 36. Raf1 Kh8 37. Rf2 Rh7 38. g4 hxg4 39. hxg4 Kg7 40. Nb1 Rgh8 41. Nxf6 Kxf6 42. Nc3 Rh3 43. Rgg2 Qd6 44. Nd5+ Kg7 45. Qc2 b5 46. Qc3 a4 47. bxa4 bxa4 48. Rf1 Rg3 49. Rgf2 Bc7 50. Rg1 Rxg1+ 51. Kxg1 Rb8 52. Kh1 Rb3 0-1

[Event "RA-2015-0-00379"]
[Site "LSS email"]
[Date "2015.03.02"]
[Round "?"]
[White "Corti, Horacio"]
[Black "Geiger, Walter"]
[Result "1/2-1/2"]
[WhiteElo "2253"]
[BlackElo "2263"]
[PlyCount "62"]
[EventDate "2015.01.31"]
[EventType "tourn (corr)"]
[EventRounds "6"]
[EventCountry "GER"]
[SourceTitle "Corr 2022"]
[Source "ChessBase"]
[SourceDate "2021.10.24"]
[SourceVersion "1"]
[SourceVersionDate "2021.10.24"]
[SourceQuality "1"]

1. d4 Nf6 2. c4 g6 3. Nc3 Bg7 4. Nf3 d5 5. cxd5 Nxd5 6. e4 Nxc3 7. bxc3 c5 8. Rb1 0-0 9. Be2 cxd4 10. cxd4 Qa5+ 11. Bd2 Qxa2 12. 0-0 Bg4 13. Bg5 h6 14. Be3 Nc6 15. d5 Ne5 16. Rxb7 e6 17. d6 Rfd8 18. Re1 Bxf3 19. gxf3 Qa3 20. f4 Rxd6 21. Qc1 Qxc1 22. Rxc1 Nc6 23. e5 Nd4 24. Rcc7 Nxe2+ 25. Kf1 Rd5 26. Rxf7 Bh8 27. Kxe2 g5 28. fxg5 hxg5 29. Bxg5 Bxe5 30. Rfe7 Bd4 31. Be3 a5 1/2-1/2

[Event "RA-2015-0-00379"]
[Site "LSS email"]
[Date "2015.03.02"]
[Round "?"]
[White "Geiger, Walter"]
[Black "Willmann, Bernd"]
[Result "1/2-1/2"]
[WhiteElo "2263"]
[BlackElo "2285"]
[PlyCount "101"]
[EventDate "2015.01.31"]
[EventType "tourn (corr)"]
[EventRounds "6"]
[EventCountry "GER"]
[SourceTitle "Corr 2022"]
[Source "ChessBase"]
[SourceDate "2021.10.24"]
[SourceVersion "1"]
[SourceVersionDate "2021.10.24"]
[SourceQuality "1"]

1. e4 e5 2. Nf3 Nc6 3. Bb5 a6 4. Ba4 Nf6 5. 0-0 Be7 6. Re1 b5 7. Bb3 d6 8. c3 0-0 9. d4 Bg4 10. Be3 exd4 11. cxd4 Na5 12. Bc2 Nc4 13. Bc1 c5 14. b3 Na5 15. d5 Nd7 16. Nbd2 Rc8 17. h3 Bh5 18. Rb1 Bf6 19. Nf1 Bc3 20. Bd2 Bxd2 21. N1xd2 c4 22. g4 Bg6 23. b4 c3 24. bxa5 cxd2 25. Qxd2 h5 26. a4 hxg4 27. hxg4 bxa4 28. Bxa4 Nf6 29. Qd4 Rc5 30. Rb4 Qxa5 31. g5 Nh7 32. Kg2 Qd8 33. Qe3 Bh5 34. Nd2 Nxg5 35. Rh1 g6 36. f4 a5 37. Rd4 Nh7 38. Nb3 Rc2+ 39. Nd2 Rb2 40. Qc3 Rb4 41. Rxb4 axb4 42. Qxb4 Qf6 43. Rf1 g5 44. e5 dxe5 45. fxe5 Qxe5 46. d6 Nf6 47. d7 Qd5+ 48. Kg1 Nxd7 49. Bxd7 Qxd7 50. Ne4 Qg4+ 51. Kh2 1/2-1/2

[Event "ZH-2015-0-01330"]
[Site "LSS email"]
[Date "2015.02.03"]
[Round "?"]
[White "Geiger, Walter"]
[Black "Markus, Roland"]
[Result "1/2-1/2"]
[WhiteElo "2243"]
[BlackElo "2387"]
[PlyCount "82"]
[EventDate "2015.01.08"]
[EventType "match (corr)"]
[EventRounds "2"]
[EventCountry "GER"]
[SourceTitle "Corr 2022"]
[Source "ChessBase"]
[SourceDate "2021.10.24"]
[SourceVersion "1"]
[SourceVersionDate "2021.10.24"]
[SourceQuality "1"]

1. e4 e5 2. Nf3 Nc6 3. Bb5 a6 4. Ba4 Nf6 5. 0-0 Be7 6. Re1 b5 7. Bb3 0-0 8. h3 Bb7 9. d3 d6 10. a3 Na5 11. Ba2 c5 12. Nbd2 Nc6 13. Nf1 Bc8 14. c3 Be6 15. Bxe6 fxe6 16. b4 Nh5 17. N1h2 Rc8 18. Be3 Qd7 19. Rc1 Nf6 20. Qe2 cxb4 21. cxb4 Rc7 22. Qb2 Rfc8 23. Nf1 Nd8 24. N1d2 Rxc1 25. Rxc1 Rxc1+ 26. Qxc1 Qc6 27. Qb2 Nf7 28. g3 Bd8 29. Kg2 Nd7 30. Nb3 Nb6 31. h4 Na4 32. Qa2 h6 33. h5 Bf6 34. Na5 Qc8 35. Qb3 Nd8 36. Bd2 Kf8 37. Qd1 Nf7 38. Qb3 Nd8 39. Qb1 Nb6 40. Nh2 Nf7 41. Nf3 Nd8 1/2-1/2

[Event "SM-2015-0-00314"]
[Site "LSS email"]
[Date "2015.01.02"]
[Round "?"]
[White "Geiger, Walter"]
[Black "Pascual Perez, Norge"]
[Result "1/2-1/2"]
[WhiteElo "2243"]
[BlackElo "2389"]
[PlyCount "98"]
[EventDate "2014.12.03"]
[EventType "tourn (corr)"]
[EventRounds "6"]
[EventCountry "GER"]
[SourceTitle "Corr 2022"]
[Source "ChessBase"]
[SourceDate "2021.10.24"]
[SourceVersion "1"]
[SourceVersionDate "2021.10.24"]
[SourceQuality "1"]

1. e4 c5 2. Nf3 d6 3. d4 cxd4 4. Nxd4 Nf6 5. Nc3 a6 6. Be3 e5 7. Nb3 Be6 8. Qd2 Nbd7 9. f3 h5 10. Nd5 Nxd5 11. exd5 Bf5 12. Be2 Rc8 13. c4 Qh4+ 14. Bf2 Qf6 15. 0-0 Be7 16. Bd3 Bxd3 17. Qxd3 Bd8 18. Rac1 0-0 19. Rfd1 b6 20. Be3 Qe7 21. Nd2 f5 22. b4 h4 23. h3 a5 24. bxa5 bxa5 25. Rb1 Qf6 26. Qe2 Nc5 27. Rb5 a4 28. Rb4 Bc7 29. Bxc5 dxc5 30. Rxa4 Rce8 31. Ra3 Re7 32. Re3 Qh6 33. a4 e4 34. fxe4 Qf4 35. Nf1 fxe4 36. a5 Rf6 37. Ra3 Be5 38. a6 Ra7 39. Re3 Bd4 40. Rxd4 cxd4 41. Rxe4 Qd6 42. Re8+ Rf8 43. Rxf8+ Kxf8 44. Qg4 Qe5 45. Qc8+ Kf7 46. Nd2 Qe8 47. Qf5+ Kg8 48. Nf3 Rxa6 49. c5 Qe3+ 1/2-1/2

[Event "SA-2014-0-00444"]
[Site "LSS email"]
[Date "2014.11.20"]
[Round "?"]
[White "Geiger, Walter"]
[Black "Galje, Hans"]
[Result "1/2-1/2"]
[WhiteElo "2226"]
[BlackElo "2102"]
[PlyCount "75"]
[EventDate "2014.10.28"]
[EventType "tourn (corr)"]
[EventRounds "6"]
[EventCountry "GER"]
[SourceTitle "Corr 2022"]
[Source "ChessBase"]
[SourceDate "2021.10.24"]
[SourceVersion "1"]
[SourceVersionDate "2021.10.24"]
[SourceQuality "1"]

1. e4 c5 2. Nf3 e6 3. d4 cxd4 4. Nxd4 Nc6 5. Nc3 Qc7 6. Be3 a6 7. Qd2 Nf6 8. 0-0-0 Be7 9. f3 b5 10. g4 Nxd4 11. Bxd4 Bb7 12. g5 Nh5 13. Be5 Qxe5 14. Qxd7+ Kf8 15. Qxb7 Bxg5+ 16. Kb1 Qb8 17. Rd7 Qxb7 18. Rxb7 Bf6 19. a4 Bxc3 20. bxc3 bxa4 21. Bxa6 Nf4 22. c4 g5 23. Bb5 Ne2 24. Ka2 Kg7 25. c5 Nc3+ 26. Ka3 Nxb5+ 27. Rxb5 Rhc8 28. Rhb1 h5 29. R1b4 g4 30. fxg4 hxg4 31. Rxa4 f5 32. Rxa8 Rxa8+ 33. Kb4 Rc8 34. exf5 exf5 35. Rb7+ Kf6 36. Kb5 f4 37. c6 f3 38. Rd7 1/2-1/2

[Event "SA-2014-0-00413"]
[Site "LSS email"]
[Date "2014.07.03"]
[Round "?"]
[White "Avellan, Gerardo"]
[Black "Geiger, Walter"]
[Result "1/2-1/2"]
[WhiteElo "2178"]
[BlackElo "2237"]
[PlyCount "70"]
[EventDate "2014.06.01"]
[EventType "tourn (corr)"]
[EventRounds "6"]
[EventCountry "GER"]
[SourceTitle "Corr 2022"]
[Source "ChessBase"]
[SourceDate "2021.10.24"]
[SourceVersion "1"]
[SourceVersionDate "2021.10.24"]
[SourceQuality "1"]

1. d4 Nf6 2. c4 g6 3. Nc3 d5 4. cxd5 Nxd5 5. e4 Nxc3 6. bxc3 Bg7 7. Nf3 c5 8. Bb5+ Nc6 9. 0-0 cxd4 10. cxd4 0-0 11. Bxc6 bxc6 12. Be3 Bg4 13. Rc1 Qa5 14. Qd2 Qxd2 15. Nxd2 Rfd8 16. Nb3 a5 17. e5 Be6 18. Rxc6 a4 19. Nc1 Rdc8 20. Rxc8+ Rxc8 21. Rd1 f6 22. d5 Rd8 23. exf6 Bxf6 24. Ne2 Rxd5 25. Rxd5 Bxd5 26. a3 Kf7 27. Nd4 e5 28. Ne2 Ke6 29. Nc3 Bc6 30. Bc5 e4 31. Bb4 Be5 32. Kf1 Bxh2 33. g3 e3 34. Ke2 exf2 35. Kxf2 h5 1/2-1/2

[Event "SA-2014-0-00404"]
[Site "LSS email"]
[Date "2014.05.05"]
[Round "?"]
[White "Geiger, Walter"]
[Black "Avellan, Gerardo"]
[Result "0-1"]
[WhiteElo "2245"]
[BlackElo "2169"]
[PlyCount "82"]
[EventDate "2014.04.12"]
[EventType "tourn (corr)"]
[EventRounds "6"]
[EventCountry "GER"]
[SourceTitle "Corr 2022"]
[Source "ChessBase"]
[SourceDate "2021.10.24"]
[SourceVersion "1"]
[SourceVersionDate "2021.10.24"]
[SourceQuality "1"]

1. e4 e5 2. Nf3 Nc6 3. Bc4 Bc5 4. c3 Qf6 5. 0-0 d6 6. d3 Bg4 7. Nbd2 Nge7 8. h3 Bd7 9. b4 Bb6 10. Bb3 0-0 11. Nc4 h6 12. a4 a6 13. Re1 Ba7 14. Be3 Ng6 15. b5 Nce7 16. d4 Rfd8 17. bxa6 bxa6 18. Rb1 Bc6 19. Bc2 Nh4 20. Nxh4 Qxh4 21. Qd3 Ng6 22. Qf1 Qe7 23. Na5 Bd7 24. Rb7 Qe8 25. Nc4 Rdc8 26. Ra1 Be6 27. Rab1 exd4 28. Bxd4 Bxd4 29. cxd4 Qd8 30. Ne3 Nf4 31. d5 Bd7 32. Bd1 a5 33. Qc4 Ng6 34. Qc3 Qg5 35. Bg4 Bxg4 36. Nxg4 Nf4 37. Qc2 h5 38. Ne3 Nxh3+ 39. Kf1 Nf4 40. R1b3 h4 41. Nf5 Qxg2+ 0-1

[Event "SA-2014-0-00404"]
[Site "LSS email"]
[Date "2014.05.04"]
[Round "?"]
[White "Husemann, Andreas"]
[Black "Geiger, Walter"]
[Result "1/2-1/2"]
[WhiteElo "2224"]
[BlackElo "2245"]
[PlyCount "41"]
[EventDate "2014.04.12"]
[EventType "tourn (corr)"]
[EventRounds "6"]
[EventCountry "GER"]
[SourceTitle "Corr 2022"]
[Source "ChessBase"]
[SourceDate "2021.10.24"]
[SourceVersion "1"]
[SourceVersionDate "2021.10.24"]
[SourceQuality "1"]

1. d4 Nf6 2. c4 e6 3. Nc3 d5 4. Bg5 Be7 5. e3 h6 6. Bh4 0-0 7. Nf3 Ne4 8. Bxe7 Qxe7 9. Qc2 Nxc3 10. Qxc3 dxc4 11. Bxc4 b6 12. 0-0 Bb7 13. Be2 Rc8 14. b4 Nd7 15. Rfc1 a5 16. a3 axb4 17. axb4 Rxa1 18. Rxa1 c5 19. bxc5 bxc5 20. Qb2 Bxf3 21. Bxf3 1/2-1/2

[Event "SA-2014-0-00400"]
[Site "LSS email"]
[Date "2014.04.12"]
[Round "?"]
[White "Geiger, Walter"]
[Black "Cimicki, Dariusz"]
[Result "1-0"]
[WhiteElo "2112"]
[BlackElo "2126"]
[PlyCount "75"]
[EventDate "2014.03.14"]
[EventType "tourn (corr)"]
[EventRounds "6"]
[EventCountry "GER"]
[SourceTitle "Corr 2015"]
[Source "ChessBase"]
[SourceDate "2015.07.17"]
[SourceVersion "1"]
[SourceVersionDate "2015.07.17"]
[SourceQuality "1"]

1. e4 e6 2. d4 d5 3. Nc3 Bb4 4. e5 c5 5. a3 Bxc3+ 6. bxc3 Ne7 7. Qg4 0-0 8. Bd3 f5 9. exf6 Rxf6 10. Bg5 Rf7 11. Qh5 g6 12. Qd1 Qa5 13. Bd2 Nd7 14. Nf3 c4 15. Be2 Nc6 16. Ng5 Re7 17. f4 Nf6 18. 0-0 Bd7 19. a4 h6 20. Nh3 Ne4 21. Bf3 Nxd2 22. Qxd2 Rf8 23. Nf2 Kg7 24. g3 h5 25. Qe3 Qc7 26. Bg2 Ree8 27. Nh3 h4 28. gxh4 Ne7 29. h5 gxh5 30. Kh1 Ng6 31. Rf2 Rf6 32. Rg1 Qd6 33. a5 Ref8 34. Bf3 Rh8 35. Rg5 Kf8 36. Rxh5 Rxh5 37. Bxh5 Ne7 38. Qg3 1-0

[Event "SA-2014-0-00400"]
[Site "LSS email"]
[Date "2014.04.12"]
[Round "?"]
[White "Grego, Luis Jose Gonzaga"]
[Black "Geiger, Walter"]
[Result "1-0"]
[WhiteElo "2076"]
[BlackElo "2112"]
[PlyCount "53"]
[EventDate "2014.03.14"]
[EventType "tourn (corr)"]
[EventRounds "6"]
[EventCountry "GER"]
[SourceTitle "Corr 2015"]
[Source "ChessBase"]
[SourceDate "2015.07.17"]
[SourceVersion "1"]
[SourceVersionDate "2015.07.17"]
[SourceQuality "1"]

1. e4 e5 2. Nf3 Nc6 3. Bb5 a6 4. Ba4 Nf6 5. 0-0 Be7 6. Re1 b5 7. Bb3 0-0 8. c3 d5 9. exd5 Nxd5 10. Nxe5 Nxe5 11. Rxe5 c6 12. d4 Bd6 13. Re1 Qh4 14. g3 Qh3 15. Re4 g5 16. Qf1 Qh5 17. Nd2 Bf5 18. f3 Nf6 19. Qg2 Qg6 20. Re3 Rfe8 21. Ne4 Nxe4 22. g4 Ng3 23. hxg3 Bd3 24. Qd2 Rxe3 25. Qxe3 h6 26. Kf2 h5 27. gxh5 1-0

[Event "WC-2014-P-00003"]
[Site "LSS email"]
[Date "2014.02.03"]
[Round "?"]
[White "Geiger, Walter"]
[Black "Rogachev, Vitalij"]
[Result "1/2-1/2"]
[WhiteElo "2242"]
[BlackElo "2117"]
[PlyCount "74"]
[EventDate "2014.02.10"]
[EventType "tourn (corr)"]
[EventRounds "12"]
[EventCountry "GER"]
[SourceTitle "Corr 2022"]
[Source "ChessBase"]
[SourceDate "2021.10.24"]
[SourceVersion "1"]
[SourceVersionDate "2021.10.24"]
[SourceQuality "1"]

1. e4 e5 2. Nf3 Nc6 3. Bb5 a6 4. Ba4 Nf6 5. 0-0 Be7 6. d3 d6 7. c3 b5 8. Bc2 0-0 9. Re1 Re8 10. Nbd2 Bf8 11. Nf1 h6 12. a4 b4 13. Ne3 Rb8 14. a5 Ne7 15. Ba4 Bd7 16. c4 Bxa4 17. Qxa4 Qc8 18. Qc2 b3 19. Qe2 Nd7 20. h3 c6 21. Bd2 Nc5 22. Nd1 Ng6 23. Nc3 Be7 24. Red1 Ne6 25. Be3 Nh4 26. Nxh4 Bxh4 27. Na4 Bg5 28. Rf1 Bxe3 29. fxe3 Qd8 30. Qd2 Qe7 31. Kh1 f6 32. Ra3 Qc7 33. Nb6 Nc5 34. Kg1 Kh7 35. Na4 Nxa4 36. Rxa4 Rb7 37. Qf2 Qf7 1/2-1/2